[Event "Maisonneuve mem."]
[Site "Gatineau CAN"]
[Date "2008.11.11"]
[Round "4"]
[White "Pilon, Robert"]
[Black "Sabourin, Yves"]
[Result "0-1"]
[WhiteElo "1469"]
[BlackElo "1255"]
[PlyCount "111"]
[GameId "2160767910302913"]
[EventDate "2008.10.21"]
[EventType "swiss"]
[EventRounds "5"]
[EventCountry "CAN"]
[SourceTitle "EXT 2011"]
[Source "ChessBase"]
[SourceDate "2011.11.26"]
[SourceVersion "1"]
[SourceVersionDate "2011.11.26"]
[SourceQuality "1"]

1. e4 e6 2. d4 d5 3. e5 c5 4. c3 Nc6 5. Nf3 Qb6 6. a3 Nge7 7. Bd3 cxd4 8. cxd4 Bd7 9. Bc2 Rc8 10. b4 a5 11. bxa5 Nxa5 12. O-O Qc7 13. Bd2 Qxc2 14. Bxa5 Nf5 15. Qd2 Be7 16. Bb4 Qxd2 17. Nbxd2 Bxb4 18. axb4 O-O 19. Rfc1 Rxc1+ 20. Rxc1 Rc8 21. Rc5 b6 22. Rxc8+ Bxc8 23. Nb1 Ba6 24. Na3 Be2 25. g4 Ne7 26. Nd2 Nc6 27. Nc2 Bxg4 28. b5 Na7 29. f3 Bf5 30. Na3 Bd3 31. Kf2 Nxb5 32. Nxb5 Bxb5 33. f4 Bc4 34. Nb1 b5 35. Nc3 b4 36. Na4 b3 37. Ke3 Kf8 38. Kd2 Ke7 39. Nc5 f6 40. Kc3 g5 41. exf6+ Kxf6 42. fxg5+ Kxg5 43. Nxe6+ Kh4 44. h3 h6 45. Nf8 Kxh3 46. Nd7 h5 47. Ne5 Kh4 48. Nf3+ Kg4 49. Ne5+ Kf5 50. Nf3 Kf4 51. Nh4 Kg4 52. Ng2 h4 53. Ne3+ Kf4 54. Ng2+ Kg5 55. Ne3 h3 56. Nxc4 0-1

[Event "Maisonneuve mem."]
[Site "Gatineau CAN"]
[Date "2008.11.11"]
[Round "4"]
[White "Rainey, Ivan"]
[Black "Libersan, Mattieu"]
[Result "0-1"]
[WhiteElo "1475"]
[BlackElo "1902"]
[PlyCount "26"]
[GameId "2160767910302914"]
[EventDate "2008.10.21"]
[EventType "swiss"]
[EventRounds "5"]
[EventCountry "CAN"]
[SourceTitle "EXT 2011"]
[Source "ChessBase"]
[SourceDate "2011.11.26"]
[SourceVersion "1"]
[SourceVersionDate "2011.11.26"]
[SourceQuality "1"]

1. e4 c6 2. d4 d5 3. Nc3 dxe4 4. Nxe4 Bf5 5. Ng3 Bg6 6. h4 h6 7. N1e2 e6 8. Nf4 Bh7 9. Bc4 Bd6 10. Qe2 Qe7 11. Ne4 Bxe4 12. Qxe4 Bxf4 13. Qxf4 Qb4+ 0-1

[Event "Maisonneuve mem."]
[Site "Gatineau CAN"]
[Date "2008.11.18"]
[Round "5"]
[White "Arsenault, Yves"]
[Black "MacIsaac, Alexandre"]
[Result "1/2-1/2"]
[WhiteElo "1479"]
[BlackElo "1370"]
[PlyCount "73"]
[GameId "2160767910302915"]
[EventDate "2008.10.21"]
[EventType "swiss"]
[EventRounds "5"]
[EventCountry "CAN"]
[SourceTitle "EXT 2011"]
[Source "ChessBase"]
[SourceDate "2011.11.26"]
[SourceVersion "1"]
[SourceVersionDate "2011.11.26"]
[SourceQuality "1"]

1. e4 c5 2. Nf3 d6 3. d4 cxd4 4. Nxd4 Nf6 5. Nc3 g6 6. Bb5+ Bd7 7. O-O Bxb5 8. Ndxb5 a6 9. Nd4 Bg7 10. Rb1 O-O 11. Be3 h6 12. Re1 Qc7 13. f4 Qc4 14. Bf2 Nc6 15. Nxc6 bxc6 16. Qf3 Nd7 17. e5 dxe5 18. Re4 Qe6 19. b3 f5 20. Re3 e4 21. Qd1 Bxc3 22. Rxc3 Nf6 23. Rc5 Rfd8 24. Qe2 Qd6 25. Qc4+ Kg7 26. Rxc6 Qxf4 27. Rc7 Re8 28. Bg3 Qe3+ 29. Bf2 Qf4 30. Re1 Qd2 31. Kf1 Ng4 32. Bd4+ Kf8 33. Bg1 Qf4+ 34. Ke2 Nxh2 35. Bxh2 Qxh2 36. Kf1 Rad8 37. Qc3 1/2-1/2

[Event "Maisonneuve mem."]
[Site "Gatineau CAN"]
[Date "2008.11.18"]
[Round "5"]
[White "Beriault, Silvain"]
[Black "Lacourse, Guy"]
[Result "1-0"]
[WhiteElo "1650"]
[BlackElo "1569"]
[PlyCount "127"]
[GameId "2160767910302916"]
[EventDate "2008.10.21"]
[EventType "swiss"]
[EventRounds "5"]
[EventCountry "CAN"]
[SourceTitle "EXT 2011"]
[Source "ChessBase"]
[SourceDate "2011.11.26"]
[SourceVersion "1"]
[SourceVersionDate "2011.11.26"]
[SourceQuality "1"]

1. d4 Nf6 2. c4 g6 3. Nf3 e6 4. Nc3 d5 5. Bg5 Bg7 6. e3 h6 7. Bh4 O-O 8. Rc1 c6 9. Bd3 dxc4 10. Bxc4 b5 11. Bd3 Qb6 12. b4 Nbd7 13. O-O Nd5 14. a3 Nxc3 15. Rxc3 e5 16. Be4 Bb7 17. dxe5 Nxe5 18. Nxe5 Bxe5 19. Rc5 Qc7 20. Bg3 Bxg3 21. fxg3 Rfe8 22. Qg4 Kh7 23. Rf6 Rg8 24. Bxc6 Bxc6 25. Rcxc6 Qe7 26. Qf4 Rgf8 27. Rc7 Qe8 28. Rfxf7+ Rxf7 29. Qxf7+ Qxf7 30. Rxf7+ Kg8 31. Rb7 a6 32. Kf2 Rf8+ 33. Ke2 Rf6 34. e4 Rc6 35. Kd3 Rd6+ 36. Ke3 Rc6 37. Rd7 Rc3+ 38. Rd3 Rc2 39. Kf3 Rc6 40. e5 Kf7 41. g4 Rc4 42. h3 Rc6 43. g3 Rc4 44. h4 Rc6 45. h5 gxh5 46. gxh5 Rc4 47. Rd7+ Ke6 48. Rh7 Kxe5 49. Rxh6 Rc3+ 50. Kg4 Rxa3 51. Rc6 Ra4 52. Kg5 Rxb4 53. Rxa6 Rc4 54. h6 Rc8 55. h7 Kd4 56. Rg6 Rh8 57. Kh6 b4 58. Rg8 Rxh7+ 59. Kxh7 b3 60. Rb8 Kc3 61. g4 b2 62. g5 Kc2 63. Rxb2+ Kxb2 64. g6 1-0

[Event "Maisonneuve mem."]
[Site "Gatineau CAN"]
[Date "2008.11.18"]
[Round "5"]
[White "Berthiaume, Patrick"]
[Black "Carriere, Stephen"]
[Result "1-0"]
[WhiteElo "1206"]
[BlackElo "1301"]
[PlyCount "49"]
[GameId "2160767910302917"]
[EventDate "2008.10.21"]
[EventType "swiss"]
[EventRounds "5"]
[EventCountry "CAN"]
[SourceTitle "EXT 2011"]
[Source "ChessBase"]
[SourceDate "2011.11.26"]
[SourceVersion "1"]
[SourceVersionDate "2011.11.26"]
[SourceQuality "1"]

1. e4 d5 2. exd5 Qxd5 3. Nc3 Qd8 4. Nf3 c5 5. Bc4 Bd7 6. O-O Bc6 7. Ne5 e6 8. d3 Bd6 9. Nxc6 Nxc6 10. Re1 Qh4 11. g3 Qh3 12. Nb5 Bb8 13. Be3 a6 14. Nc3 Nd4 15. Ne4 e5 16. Nxc5 Nf6 17. Bxd4 Ng4 18. Bxf7+ Ke7 19. Qf3 Rf8 20. Qxb7+ Kf6 21. Nd7+ Kxf7 22. Nxf8+ Kxf8 23. Bc5+ Kg8 24. Qd5+ Kh8 25. Qd8# 1-0

[Event "Maisonneuve mem."]
[Site "Gatineau CAN"]
[Date "2008.11.18"]
[Round "5"]
[White "Berthiaume, Serge"]
[Black "Jani, Louis"]
[Result "0-1"]
[WhiteElo "1249"]
[BlackElo "1433"]
[PlyCount "112"]
[GameId "2160767910302918"]
[EventDate "2008.10.21"]
[EventType "swiss"]
[EventRounds "5"]
[EventCountry "CAN"]
[SourceTitle "EXT 2011"]
[Source "ChessBase"]
[SourceDate "2011.11.26"]
[SourceVersion "1"]
[SourceVersionDate "2011.11.26"]
[SourceQuality "1"]

1. d4 d5 2. Nf3 Nf6 3. c4 e6 4. Nc3 Bb4 5. Bf4 O-O 6. Qb3 Bxc3+ 7. Qxc3 Ne4 8. Qc2 Nc6 9. a3 Qf6 10. e3 a6 11. cxd5 exd5 12. Bxc7 Bg4 13. Be2 Bxf3 14. Bxf3 Rac8 15. Bb6 Nxd4 16. Bxd4 Qxd4 17. Qd1 Qxb2 18. O-O Nd2 19. Qe2 Nxf3+ 20. Qxf3 Qe5 21. Rfc1 Rc6 22. Qe2 Rfc8 23. Rd1 Qxa1 24. Rxa1 Rc1+ 25. Rxc1 Rxc1+ 26. Qf1 Rxf1+ 27. Kxf1 Kf8 28. Ke2 Ke7 29. Kd3 Kd6 30. Kd4 b5 31. e4 dxe4 32. Kxe4 Kc5 33. Kd3 f5 34. f4 h6 35. h4 a5 36. g3 b4 37. a4 b3 38. Kc3 b2 39. Kxb2 Kb4 40. h5 Kxa4 41. Ka2 Kb4 42. Kb2 Kc4 43. Ka3 Kd4 44. Ka4 Ke4 45. Kxa5 Kf3 46. Kb5 Kxg3 47. Kc5 Kxf4 48. Kd4 Kg5 49. Ke5 Kxh5 50. Kxf5 g5 51. Ke4 Kg4 52. Ke3 Kg3 53. Ke2 Kg2 54. Ke3 h5 55. Ke4 h4 56. Kf5 h3 0-1

[Event "Maisonneuve mem."]
[Site "Gatineau CAN"]
[Date "2008.11.18"]
[Round "5"]
[White "Brousseau, Yvan"]
[Black "Guimond, Michel"]
[Result "0-1"]
[WhiteElo "2002"]
[BlackElo "1847"]
[PlyCount "42"]
[GameId "2160767910302919"]
[EventDate "2008.10.21"]
[EventType "swiss"]
[EventRounds "5"]
[EventCountry "CAN"]
[SourceTitle "EXT 2011"]
[Source "ChessBase"]
[SourceDate "2011.11.26"]
[SourceVersion "1"]
[SourceVersionDate "2011.11.26"]
[SourceQuality "1"]

1. b3 e5 2. Bb2 Nc6 3. e3 d5 4. Bb5 Bd6 5. f4 f6 6. fxe5 fxe5 7. Bxe5 Bxe5 8. Bxc6+ Kf8 9. Qf3+ Nf6 10. d4 Qe7 11. Ne2 bxc6 12. dxe5 Qxe5 13. c3 Bg4 14. Qf4 Re8 15. Rf1 Qxe3 16. Qxg4 Qc1+ 17. Kf2 Qe3+ 18. Ke1 Qc1+ 19. Kf2 Nxg4+ 20. Kg1+ Qxf1+ 21. Kxf1 Ne3+ 0-1

[Event "Maisonneuve mem."]
[Site "Gatineau CAN"]
[Date "2008.11.18"]
[Round "5"]
[White "Duret, Serge"]
[Black "Blouin, Francois"]
[Result "0-1"]
[WhiteElo "991"]
[BlackElo "1619"]
[PlyCount "44"]
[GameId "2160767910302920"]
[EventDate "2008.10.21"]
[EventType "swiss"]
[EventRounds "5"]
[EventCountry "CAN"]
[SourceTitle "EXT 2011"]
[Source "ChessBase"]
[SourceDate "2011.11.26"]
[SourceVersion "1"]
[SourceVersionDate "2011.11.26"]
[SourceQuality "1"]

1. e4 e6 2. Nf3 d5 3. d3 b6 4. e5 c5 5. d4 cxd4 6. Nxd4 Bd7 7. Nc3 Bb4 8. Bd2 Nc6 9. Nxc6 Bxc6 10. Bb5 Qc7 11. O-O Ne7 12. Re1 a6 13. Bxc6+ Qxc6 14. a3 Bxc3 15. Bxc3 a5 16. a4 Nf5 17. Qd2 Rd8 18. b4 d4 19. Bb2 Qd5 20. bxa5 bxa5 21. Rad1 h6 22. g4 Nh4 0-1

[Event "Maisonneuve mem."]
[Site "Gatineau CAN"]
[Date "2008.11.18"]
[Round "5"]
[White "Groleau, Gilles"]
[Black "Rainey, Ivan"]
[Result "1-0"]
[WhiteElo "1993"]
[BlackElo "1475"]
[PlyCount "89"]
[GameId "2160767910302921"]
[EventDate "2008.10.21"]
[EventType "swiss"]
[EventRounds "5"]
[EventCountry "CAN"]
[SourceTitle "EXT 2011"]
[Source "ChessBase"]
[SourceDate "2011.11.26"]
[SourceVersion "1"]
[SourceVersionDate "2011.11.26"]
[SourceQuality "1"]

1. e4 c6 2. d4 d5 3. exd5 cxd5 4. Bd3 Nc6 5. c3 Nf6 6. Bf4 e6 7. Nd2 Bd6 8. Bxd6 Qxd6 9. Ngf3 O-O 10. O-O Re8 11. Re1 e5 12. dxe5 Nxe5 13. Nxe5 Rxe5 14. Rxe5 Qxe5 15. Nf3 Qd6 16. Qc2 h6 17. Re1 Be6 18. Nd4 Bd7 19. Bf5 Re8 20. Rxe8+ Bxe8 21. Qe2 Bd7 22. g3 Bxf5 23. Nxf5 Qe6 24. Qxe6 fxe6 25. Nd6 e5 26. Nxb7 d4 27. cxd4 exd4 28. Nc5 Kf7 29. Kf1 Ke7 30. Nb3 d3 31. f3 Kd6 32. Ke1 Nd7 33. Kf2 Ne5 34. Nd2 Kd5 35. Ke3 Nc4+ 36. Nxc4 Kxc4 37. f4 a5 38. Kd2 Kd4 39. b3 g6 40. a3 Ke4 41. b4 axb4 42. axb4 g5 43. b5 gxf4 44. gxf4 Kxf4 45. b6 1-0

[Event "Maisonneuve mem."]
[Site "Gatineau CAN"]
[Date "2008.11.18"]
[Round "5"]
[White "Laurin, Jacques"]
[Black "Arsenault, Michel"]
[Result "0-1"]
[WhiteElo "1834"]
[BlackElo "1989"]
[PlyCount "56"]
[GameId "2160767910302923"]
[EventDate "2008.10.21"]
[EventType "swiss"]
[EventRounds "5"]
[EventCountry "CAN"]
[SourceTitle "EXT 2011"]
[Source "ChessBase"]
[SourceDate "2011.11.26"]
[SourceVersion "1"]
[SourceVersionDate "2011.11.26"]
[SourceQuality "1"]

1. c4 c5 2. Nc3 Nc6 3. g3 g6 4. Bg2 Bg7 5. e3 e5 6. Nge2 Nge7 7. O-O O-O 8. Nb5 d6 9. b3 Be6 10. d4 exd4 11. exd4 a6 12. Nxd6 Qxd6 13. Bf4 Qd8 14. dxc5 Bxa1 15. Qxa1 f6 16. Bh6 Rf7 17. Rd1 Qc8 18. Nc3 Nf5 19. Bf4 g5 20. Bd6 Nxd6 21. cxd6 Qf8 22. Nd5 Kg7 23. Nc7 Rxc7 24. dxc7 Rc8 25. Bd5 Qf7 26. Re1 Bxd5 27. cxd5 Qxd5 28. Rd1 Qf5 0-1

[Event "Maisonneuve mem."]
[Site "Gatineau CAN"]
[Date "2008.11.18"]
[Round "5"]
[White "Levesque, Andre"]
[Black "Lavergne, Daniel"]
[Result "0-1"]
[WhiteElo "1271"]
[BlackElo "1606"]
[PlyCount "50"]
[GameId "2160767910302924"]
[EventDate "2008.10.21"]
[EventType "swiss"]
[EventRounds "5"]
[EventCountry "CAN"]
[SourceTitle "EXT 2011"]
[Source "ChessBase"]
[SourceDate "2011.11.26"]
[SourceVersion "1"]
[SourceVersionDate "2011.11.26"]
[SourceQuality "1"]

1. e4 e5 2. Nf3 Nc6 3. Bb5 Nf6 4. O-O Nxe4 5. Re1 d5 6. Nxe5 Bd6 7. Nxc6 Bxh2+ 8. Kf1 bxc6 9. Bxc6+ Kf8 10. Bxa8 Nxf2 11. Qe2 Ne4 12. Qf3 Ng3+ 13. Kf2 Qh4 14. Qxd5 Ne4+ 15. Ke3 Qxe1+ 16. Kd3 Nf2+ 17. Kc3 Nd1+ 18. Kb4 Bd6+ 19. Ka4 Ne3 20. Qe4 Qxc1 21. dxe3 Bd7+ 22. Bc6 Bxc6+ 23. Qxc6 Qxb2 24. Qc3 Qb7 25. Qb3 Qa6# 0-1

[Event "Maisonneuve mem."]
[Site "Gatineau CAN"]
[Date "2008.11.18"]
[Round "5"]
[White "Menard, Marc"]
[Black "Labelle, Raymond"]
[Result "1-0"]
[WhiteElo "1576"]
[BlackElo "1292"]
[PlyCount "111"]
[GameId "2160767910302925"]
[EventDate "2008.10.21"]
[EventType "swiss"]
[EventRounds "5"]
[EventCountry "CAN"]
[SourceTitle "EXT 2011"]
[Source "ChessBase"]
[SourceDate "2011.11.26"]
[SourceVersion "1"]
[SourceVersionDate "2011.11.26"]
[SourceQuality "1"]

1. e4 e5 2. Nf3 Nc6 3. Bb5 a6 4. Ba4 b5 5. Bb3 d6 6. O-O Na5 7. c3 Nxb3 8. axb3 Nf6 9. d4 exd4 10. cxd4 Nxe4 11. Re1 d5 12. Nc3 Bb7 13. Ng5 Bb4 14. f3 Be7 15. fxe4 Bxg5 16. exd5+ Be7 17. Qe2 b4 18. Na4 Bxd5 19. Nc5 a5 20. Bg5 f6 21. Bf4 Ra7 22. Ne6 Bxe6 23. Qxe6 Qd7 24. Qc4 c6 25. Rac1 Qd5 26. Qxc6+ Qxc6 27. Rxc6 O-O 28. Bc7 Kf7 29. d5 Rc8 30. Bb6 Raa8 31. Rec1 Re8 32. Rc7 Kf8 33. Rd7 Bd8 34. Bc5+ Be7 35. Kf2 Bxc5+ 36. Rxc5 Re7 37. Rcc7 Rxd7 38. Rxd7 g6 39. Rxh7 Rd8 40. Rh8+ Ke7 41. Rxd8 Kxd8 42. Ke3 Kd7 43. Kd4 Kd6 44. h4 f5 45. g3 Ke7 46. Kc5 Kd7 47. Kb5 Kd6 48. Kxa5 Kxd5 49. Kxb4 Ke4 50. Ka5 Kd5 51. Kb6 Kd6 52. b4 Kd7 53. Kb7 Kd6 54. b5 Kd7 55. b6 Kd8 56. Ka7 1-0

[Event "Maisonneuve mem."]
[Site "Gatineau CAN"]
[Date "2008.11.18"]
[Round "5"]
[White "Sabourin, Yves"]
[Black "Desjardins, Michel"]
[Result "0-1"]
[WhiteElo "1255"]
[BlackElo "1978"]
[PlyCount "108"]
[GameId "2160767910302927"]
[EventDate "2008.10.21"]
[EventType "swiss"]
[EventRounds "5"]
[EventCountry "CAN"]
[SourceTitle "EXT 2011"]
[Source "ChessBase"]
[SourceDate "2011.11.26"]
[SourceVersion "1"]
[SourceVersionDate "2011.11.26"]
[SourceQuality "1"]

1. d4 d5 2. c4 c6 3. Nc3 dxc4 4. e4 b5 5. a4 b4 6. Na2 Nf6 7. e5 Nd5 8. Bxc4 Bf5 9. Nf3 e6 10. Bd2 a5 11. O-O Be7 12. Nc1 O-O 13. Ne2 Nd7 14. Ng3 Bg6 15. Rc1 N7b6 16. Bxd5 cxd5 17. b3 Qd7 18. Be3 Qb7 19. Qd2 Rfc8 20. Rxc8+ Rxc8 21. Rc1 Rc7 22. Qb2 Qc8 23. Rxc7 Qxc7 24. Qc1 Qxc1+ 25. Bxc1 Bc2 26. Nd2 Bg5 27. Ngf1 f6 28. Bb2 fxe5 29. dxe5 Nd7 30. Nf3 Bd8 31. Nd4 Bf5 32. Nxf5 exf5 33. Ne3 Nc5 34. Nxf5 Nxb3 35. e6 Bf6 36. e7 Kf7 37. Bxf6 gxf6 38. Kf1 Nc5 39. Ke2 Nxa4 40. f4 Nb6 41. g4 Nc8 42. Kd3 Nxe7 43. Nd4 Ke8 44. Kc2 a4 45. h4 Ng6 46. Nc6 b3+ 47. Kb2 Nxf4 48. Nd4 Nd3+ 49. Kc3 Nc5 50. Nb5 Ne4+ 51. Kb2 Kd7 52. Ka3 Kc6 53. Kxa4 b2 54. Na3 Nd2 0-1

[Event "Maisonneuve mem."]
[Site "Gatineau CAN"]
[Date "2008.11.18"]
[Round "5"]
[White "Sunatori, Evelyne"]
[Black "Scantland, Patrick"]
[Result "0-1"]
[WhiteElo "1132"]
[BlackElo "1681"]
[PlyCount "70"]
[GameId "2160767910302928"]
[EventDate "2008.10.21"]
[EventType "swiss"]
[EventRounds "5"]
[EventCountry "CAN"]
[SourceTitle "EXT 2011"]
[Source "ChessBase"]
[SourceDate "2011.11.26"]
[SourceVersion "1"]
[SourceVersionDate "2011.11.26"]
[SourceQuality "1"]

1. e4 e5 2. Nf3 Nc6 3. Bc4 Bc5 4. O-O Nf6 5. Nc3 d6 6. d3 h6 7. Be3 Bb6 8. Nd5 Bg4 9. h3 Bh5 10. Nxf6+ Qxf6 11. g4 Bg6 12. Nh2 O-O 13. Qd2 Nd4 14. Rac1 Qh4 15. Kg2 Ne6 16. Bxe6 fxe6 17. f4 exf4 18. Rxf4 e5 19. Rxf8+ Rxf8 20. Bxb6 axb6 21. Rf1 Qe7 22. Qe3 Be8 23. c3 g5 24. h4 Rf4 25. hxg5 hxg5 26. Rxf4 gxf4 27. Qf3 Qf7 28. a3 Bc6 29. Qh3 Qh7 30. g5 Qxh3+ 31. Kxh3 Kg7 32. Kg4 Bb5 33. d4 Kg6 34. d5 Be2+ 35. Kh4 Bd3 0-1

[Event "Maisonneuve mem."]
[Site "Gatineau CAN"]
[Date "2008.11.18"]
[Round "5"]
[White "Thibault, David"]
[Black "Danilov, Alex"]
[Result "0-1"]
[WhiteElo "1680"]
[BlackElo "1883"]
[PlyCount "58"]
[GameId "2160767910302929"]
[EventDate "2008.10.21"]
[EventType "swiss"]
[EventRounds "5"]
[EventCountry "CAN"]
[SourceTitle "EXT 2011"]
[Source "ChessBase"]
[SourceDate "2011.11.26"]
[SourceVersion "1"]
[SourceVersionDate "2011.11.26"]
[SourceQuality "1"]

1. e4 c5 2. Nf3 Nc6 3. Bc4 e6 4. Bb3 Nf6 5. d3 Be7 6. O-O O-O 7. Nc3 a6 8. Ne2 Na5 9. c3 Nxb3 10. Qxb3 b5 11. Bd2 c4 12. dxc4 Nxe4 13. cxb5 axb5 14. Qxb5 Ba6 15. Qe5 Bxe2 16. Rfe1 Bxf3 17. Rxe4 Bxe4 18. Qxe4 Qb6 19. b4 d5 20. Qf3 Bf6 21. a4 e5 22. Qxd5 Rfd8 23. Be3 Qc7 24. Qc5 Qd7 25. g3 Qg4 26. Qb5 e4 27. Qf1 Bxc3 28. Rb1 Bxb4 29. f3 exf3 0-1

[Event "Mauricie op"]
[Site "Trois-Rivieres CAN"]
[Date "2008.03.28"]
[Round "1"]
[White "Bertrand, Daryl"]
[Black "Masse, Hugues"]
[Result "0-1"]
[WhiteElo "2010"]
[BlackElo "2246"]
[PlyCount "104"]
[GameId "2160767910351313"]
[EventDate "2008.03.28"]
[EventType "swiss"]
[EventRounds "5"]
[EventCountry "CAN"]
[SourceTitle "EXT 2011"]
[Source "ChessBase"]
[SourceDate "2011.11.26"]
[SourceVersion "1"]
[SourceVersionDate "2011.11.26"]
[SourceQuality "1"]

1. e4 e6 2. d3 d5 3. Qe2 Be7 4. Nf3 Nf6 5. g3 O-O 6. Bg2 c5 7. O-O Nc6 8. h4 dxe4 9. dxe4 e5 10. Rd1 Qc7 11. Nc3 Bg4 12. Be3 Nd4 13. Bxd4 cxd4 14. Nd5 Nxd5 15. exd5 f5 16. Qd2 Bf6 17. Re1 Bxf3 18. Bxf3 e4 19. Be2 Rac8 20. Qb4 Rfd8 21. b3 d3 22. cxd3 Bxa1 23. Rxa1 e3 24. d4 Qc2 25. Qe1 Rc3 26. Bc4 exf2+ 27. Qxf2 Qxf2+ 28. Kxf2 Kf8 29. a4 Re8 30. Rg1 a6 31. g4 f4 32. d6 Rd8 33. Re1 Rxd6 34. Re4 f3 35. g5 Rd7 36. Rf4+ Ke7 37. d5 Kd6 38. Kg3 Re7 39. Rxf3 Rxf3+ 40. Kxf3 Re1 41. Bd3 h6 42. Kg4 hxg5 43. hxg5 Kxd5 44. Kf5 a5 45. Kg6 Rg1 46. Kf5 b6 47. g6 Kd6 48. Bc4 Rg2 49. Bf7 Rf2+ 50. Kg5 Ke5 51. Be8 Rg2+ 52. Kh4 Kf4 0-1

[Event "Mauricie op"]
[Site "Trois-Rivieres CAN"]
[Date "2008.03.28"]
[Round "1"]
[White "Bolduc, Steve"]
[Black "Auger, Bertrand"]
[Result "1-0"]
[WhiteElo "2278"]
[BlackElo "2014"]
[PlyCount "37"]
[GameId "2160767910351314"]
[EventDate "2008.03.28"]
[EventType "swiss"]
[EventRounds "5"]
[EventCountry "CAN"]
[SourceTitle "EXT 2011"]
[Source "ChessBase"]
[SourceDate "2011.11.26"]
[SourceVersion "1"]
[SourceVersionDate "2011.11.26"]
[SourceQuality "1"]

1. c4 Nf6 2. Nc3 c5 3. e3 Nc6 4. Nf3 e6 5. d4 cxd4 6. exd4 d5 7. c5 b6 8. b4 bxc5 9. bxc5 Be7 10. Bb5 Bd7 11. Bxc6 Bxc6 12. Ne5 Qc8 13. O-O O-O 14. Rb1 Nd7 15. Nxc6 Qxc6 16. Qa4 Qc7 17. g3 g5 18. Be3 f5 19. Qa6 1-0

[Event "Mauricie op"]
[Site "Trois-Rivieres CAN"]
[Date "2008.03.28"]
[Round "1"]
[White "Fortier, Marc-Andre"]
[Black "Wilkin, Alain"]
[Result "0-1"]
[WhiteElo "2156"]
[BlackElo "1951"]
[PlyCount "126"]
[GameId "2160767910351315"]
[EventDate "2008.03.28"]
[EventType "swiss"]
[EventRounds "5"]
[EventCountry "CAN"]
[SourceTitle "FQE 04"]

1. e4 c5 2. Nc3 Nc6 3. g3 g6 4. Bg2 Bg7 5. d3 d6 6. f4 Nf6 7. h3 O-O 8. Nf3 Nd4 9. Be3 Nd7 10. O-O a6 11. Qd2 Rb8 12. f5 Nxf3+ 13. Bxf3 Ne5 14. Bg2 e6 15. Bh6 f6 16. Be3 b5 17. g4 b4 18. Ne2 exf5 19. gxf5 g5 20. b3 Qe7 21. a3 bxa3 22. Rxa3 Rd8 23. c4 Rb4 24. Qc2 Nc6 25. Bd2 Rb8 26. Bc3 Nb4 27. Qd2 Re8 28. Bf3 Rb6 29. Ng3 Rf8 30. Rf2 Nc6 31. Ne2 Bd7 32. Qa2 Rfb8 33. Nc1 Bc8 34. Qa1 Nb4 35. Rd2 Nc6 36. Bd1 Ne5 37. Rb2 Nc6 38. Ne2 Ne5 39. Qb1 Nf3+ 40. Kf2 Nh4 41. Ng3 Bb7 42. b4 Bc6 43. Rab3 cxb4 44. Rxb4 Rxb4 45. Rxb4 Qa7+ 46. d4 Rxb4 47. Qxb4 Bf8 48. Qa5 Be7 49. Ba4 Bxa4 50. Qxa4 Kf8 51. Ne2 Qb7 52. Qc2 Qc7 53. Qb3 d5 54. cxd5 Qh2+ 55. Ke1 Qh1+ 56. Kd2 Qxe4 57. Bb4 Nf3+ 58. Kd1 Qxe2+ 59. Kc1 Nxd4 60. Qc3 Qf1+ 61. Kb2 Qe2+ 62. Kc1 Qf1+ 63. Kb2 Qb5 0-1

[Event "Mauricie op"]
[Site "Trois-Rivieres CAN"]
[Date "2008.03.28"]
[Round "1"]
[White "Gauthier, Denis"]
[Black "Arsenault, Nicolas"]
[Result "1/2-1/2"]
[WhiteElo "1982"]
[BlackElo "2208"]
[PlyCount "52"]
[GameId "2160767910351316"]
[EventDate "2008.03.28"]
[EventType "swiss"]
[EventRounds "5"]
[EventCountry "CAN"]
[SourceTitle "FQE 04"]

1. d4 Nf6 2. c4 e6 3. Nf3 Bb4+ 4. Nbd2 O-O 5. a3 Be7 6. e4 d6 7. Bd3 Nbd7 8. O-O e5 9. Re1 c6 10. b4 exd4 11. Nxd4 Ne5 12. Qc2 a5 13. Bb2 axb4 14. axb4 Rxa1 15. Bxa1 Nxd3 16. Qxd3 d5 17. c5 dxe4 18. Nxe4 Nxe4 19. Qxe4 Bf6 20. Nf5 Bxf5 21. Qxf5 Bxa1 22. Rxa1 Qd4 23. Rb1 Rd8 24. Qc2 g6 25. h3 Qf4 26. Qe2 Qd2 1/2-1/2

[Event "Mauricie op"]
[Site "Trois-Rivieres CAN"]
[Date "2008.03.28"]
[Round "1"]
[White "Hamel, Emmanuel"]
[Black "Poitras, Luc"]
[Result "0-1"]
[WhiteElo "1921"]
[BlackElo "2120"]
[PlyCount "66"]
[GameId "2160767910351317"]
[EventDate "2008.03.28"]
[EventType "swiss"]
[EventRounds "5"]
[EventCountry "CAN"]
[SourceTitle "FQE 04"]

1. e4 c5 2. Nf3 Nc6 3. d4 cxd4 4. Nxd4 e5 5. Nb5 d6 6. c4 Be7 7. N1c3 a6 8. Na3 f5 9. exf5 Bxf5 10. Bd3 Bxd3 11. Qxd3 Nf6 12. Nc2 O-O 13. O-O Qe8 14. Bg5 Rd8 15. Rad1 Kh8 16. Bxf6 Bxf6 17. Ne4 Be7 18. Qd5 Rf4 19. Rfe1 Qg6 20. Rd3 Rdf8 21. Re2 h5 22. Rb3 Qg4 23. Re1 Nd8 24. Nb4 a5 25. Nd3 R4f7 26. Rb5 h4 27. h3 Qg6 28. Rxa5 Ne6 29. Ra3 Nd4 30. Rf1 Nc2 31. Rb3 Ne3 32. fxe3 Rxf1+ 33. Kh2 Ra1 0-1

[Event "Mauricie op"]
[Site "Trois-Rivieres CAN"]
[Date "2008.03.28"]
[Round "1"]
[White "Larochelle, Martial"]
[Black "Le Duin, Thierry"]
[Result "1-0"]
[WhiteElo "2195"]
[BlackElo "1966"]
[PlyCount "97"]
[GameId "2160767910351320"]
[EventDate "2008.03.28"]
[EventType "swiss"]
[EventRounds "5"]
[EventCountry "CAN"]
[SourceTitle "FQE 04"]

1. Nf3 Nf6 2. c4 Nc6 3. d4 g6 4. Nc3 Bg7 5. d5 Nb8 6. e4 d6 7. h3 c5 8. Bd3 a6 9. O-O O-O 10. Bf4 b5 11. cxb5 axb5 12. Bxb5 Ba6 13. a4 Bxb5 14. axb5 Nbd7 15. Qe2 Ra5 16. Rxa5 Qxa5 17. e5 Nh5 18. Bh2 dxe5 19. Nxe5 Nxe5 20. Bxe5 Nf6 21. Rd1 Rd8 22. d6 exd6 23. Bxd6 Qb4 24. Be7 Rxd1+ 25. Qxd1 Qd4 26. Qf3 h5 27. b6 Nd7 28. b7 Be5 29. g3 f6 30. Nb5 Qd2 31. Bxf6 Bxf6 32. b8=Q+ Nxb8 33. Qxf6 Qe1+ 34. Kh2 Nd7 35. Qxg6+ Kf8 36. Qf5+ Ke7 37. Nc3 Qd2 38. Ne4 Qxb2 39. Nxc5 Nf6 40. Ne4 Nxe4 41. Qxe4+ Kf6 42. Qf4+ Kg6 43. h4 Qe2 44. Kg2 Qd1 45. Qe4+ Kh6 46. Qe6+ Kg7 47. Qe7+ Kh6 48. Qf6+ Kh7 49. Qf3 1-0